قلق السعي إلى المكانة : (رقم التسجيلة. 78491)

تفاصيل مارك
000 -الفاتح
حقل البيانات ثابتة الطول 01024cam a22002411i 4500
003 - محدد رقم الضبط
رقم الضبط OSt
005 - وقت وتاريخ اخر تعامل مع التسجيلة
رقم الضبط 20200123115805.0
008 - عناصر البيانات ثابتة الطول - معلومات عامة
حقل البيانات ثابتة الطول 190310s2018 ua g 000 0 ara c
020 ## - الرقم الدولى المعيارى للكتب
الرقم الدولى المعيارى للكتاب 9786144720059
040 ## - مصدر الفهرسة
وكالة الفهرسة الأصلية SA-RiAUC
لغة الفهرسة ara
وكالة النسخ SA-RiAUC
قواعد الوصف rda
041 1# - رمز اللغة
رمز لغة النص/ المسارات الصوتية أو العنوان الانفرادي ara
رمز لغة الترجمات و/او الاصلية المتوسطة للنص und
082 04 - رقم تصنيف ديوى العشرى
رقم التصنيف 158.2
رقم الطبعة 21
رقم المادة د آ ق
100 1# - المدخل الرئيسى - إسم شخصى
الإسم الشخصى دو بوتون، آلان،
التواريخ المصاحبة للاسم 1969-
الدور مؤلف.
245 10 - بيان العنوان
العنوان قلق السعي إلى المكانة :
بقية العنوان الشعور بالرضا أو المهانة /
بيان المسئوليه,etc آلان دو بوتون ؛ ترجمة محمد عبد النبي.
264 #1 - النشر, التوزيع, ETC. (IMPRINT)
مكان الناشر او الموزع RDA القاهرة ؛
-- بيروت ؛
-- تونس :
اسم الناشر او الموزع RDA دار التنوير،
تاريخ النشر أو التوزيع 2018
تاريخ النشر هجري [1439]
300 ## - الوصف المادى
التعداد 312 صفحة
504 ## - تبصرة ببليوجرافية
تبصرة ببليوجرافية,الخ يشتمل على قائمة ببليوجرافية.
650 #7 - المدخل الاضافى بالموضوع-مصطلح موضوعى
مصطلح موضوعي أو اسم جغرافي كعنصر مدخل العلاقات الاجتماعية
التقسيم الفرعي العام جوانب نفسية
650 #7 - المدخل الاضافى بالموضوع-مصطلح موضوعى
مصطلح موضوعي أو اسم جغرافي كعنصر مدخل علم النفس الاجتماعي
700 1# - المدخل الاضافى - اسم شخصى
الإسم الشخصى عبد النبي، محمد،
التواريخ المصاحبة للاسم 1977-
الدور مترجم.
952 ## - LOCATION AND ITEM INFORMATION (KOHA)
نوع المادة فى نظام كوها كتاب
952 ## - LOCATION AND ITEM INFORMATION (KOHA)
نوع المادة فى نظام كوها كتاب
952 ## - LOCATION AND ITEM INFORMATION (KOHA)
نوع المادة فى نظام كوها كتاب
952 ## - LOCATION AND ITEM INFORMATION (KOHA)
نوع المادة فى نظام كوها كتاب
952 ## - LOCATION AND ITEM INFORMATION (KOHA)
نوع المادة فى نظام كوها كتاب
952 ## - LOCATION AND ITEM INFORMATION (KOHA)
نوع المادة فى نظام كوها كتاب
952 ## - LOCATION AND ITEM INFORMATION (KOHA)
نوع المادة فى نظام كوها كتاب
942 ## -
-- ddc
-- BOOK
949 ## - معلومات معالجة محلية(OCLC)
a SA-RiPNU
n 1
d 2020/1/23
u pnusvn
المقتنيات
حالة الفقد نموذج السعر الفعال حالة تلف ليس للاعارة تاريخ الاكتساب رقم الطلب تاريخ الاكتساب الموقع الحالي الباركود الفرع الرئيسي Date last seen مصدر التصنيف او خطة الترفيف Total Checkouts Date last checked out مُعار
  2020-01-23     2020-01-23 158.2 د آ ق 2020-01-23 CL 00810567 المكتبة المركزية بالمجمعة (CL) 2020-01-23 Dewey Decimal Classification      
  2020-01-23     2020-01-23 158.2 د آ ق 2020-01-23 CL 00810569 المكتبة المركزية بالمجمعة (CL) 2021-05-02 Dewey Decimal Classification 1 2021-03-15  
  2020-01-23     2020-01-23 158.2 د آ ق 2020-01-23 EMF 00810568 المكتبة المركزية بالمجمعة (CL) 2026-06-15 Dewey Decimal Classification 1 2026-06-15 2026-07-15
  2020-01-23     2020-01-23 158.2 د آ ق 2020-01-23 EMF 00810682 مكتبة مجمع الطالبات بالمجمعة (EMF) 2020-01-23 Dewey Decimal Classification      
  2020-01-23     2020-01-23 158.2 د آ ق 2020-01-23 EMF 00810683 مكتبة مجمع الطالبات بالمجمعة (EMF) 2020-01-23 Dewey Decimal Classification      
  2020-01-23     2020-01-23 158.2 د آ ق 2020-01-23 SZM 00810680 مكتبة مجمع الكليات بالزلفى - طلاب (SZM) 2020-01-23 Dewey Decimal Classification      
  2020-01-23     2020-01-23 158.2 د آ ق 2020-01-23 SZM 00810681 مكتبة مجمع الكليات بالزلفى - طلاب (SZM) 2020-01-23 Dewey Decimal Classification